00871nam a22002297a 450000500170000001000150001702000260003203500140005803700090007208200100008110000330009124501000012425000060022426000400023027000840027030000200035470000370037470000370041194200240044899900190047295201500049120250107171903.0 aENG-143202 a9789395422482c350.00 aEN-126734 bDBAD a005.7 aKrishnan, J. Santhana976052 aIntroduction to Data science/cby J. Santhana Krishnan; K. Satheesh Kumar [and] T, Mahesh Selvi a1 aMaduraibShanlax Publicationsc2022 a61, T.P.K., Main Road, Vasantha NagarbMadurai e625003mshanlax_1990@yahoo.com a242p.c24cm(pb) aK. Satheesh KumareAuthor976053 aSelvi, T, Mahesh eAuthor976054 2ddccENh005.7mKRI c208171d208171 001040708NFICaMPbMPd2025-01-07eDelivery of Books Divisiong350.00l0o005.7 KRIpEN-126734r2025-01-07 00:00:00t1v350.00w2025-01-07yEN